<?xml version="1.0" encoding="UTF-8"?>
<record
    xmlns:xsi="http://www.w3.org/2001/XMLSchema-instance"
    xsi:schemaLocation="http://www.loc.gov/MARC21/slim http://www.loc.gov/standards/marcxml/schema/MARC21slim.xsd"
    xmlns="http://www.loc.gov/MARC21/slim">

  <leader>02430nac a22002771u 4500</leader>
  <datafield tag="010" ind1=" " ind2=" ">
    <subfield code="a">   97045264</subfield>
  </datafield>
  <datafield tag="020" ind1=" " ind2=" ">
    <subfield code="a">1570032572 (cloth)</subfield>
  </datafield>
  <datafield tag="020" ind1=" " ind2=" ">
    <subfield code="a">1570032580 (pbk.)</subfield>
  </datafield>
  <datafield tag="082" ind1="0" ind2="0">
    <subfield code="a">306.2</subfield>
    <subfield code="b">LIN</subfield>
  </datafield>
  <datafield tag="090" ind1=" " ind2=" ">
    <subfield code="c">8555</subfield>
    <subfield code="d">8555</subfield>
  </datafield>
  <datafield tag="100" ind1=" " ind2=" ">
    <subfield code="a">Linklater, Andrew.           </subfield>
  </datafield>
  <datafield tag="245" ind1="1" ind2="4">
    <subfield code="a">The transformation of political community :</subfield>
    <subfield code="b">ethical foundations of the Post-Westphalian era /</subfield>
    <subfield code="c">Andrew Linklater.</subfield>
  </datafield>
  <datafield tag="260" ind1=" " ind2=" ">
    <subfield code="a">Columbia :</subfield>
    <subfield code="b">University of South Carolina Press,c1998.</subfield>
    <subfield code="c">c1998.</subfield>
  </datafield>
  <datafield tag="300" ind1=" " ind2=" ">
    <subfield code="a">vi, 263 p. ;</subfield>
    <subfield code="c">23 cm.</subfield>
  </datafield>
  <datafield tag="490" ind1="1" ind2=" ">
    <subfield code="a">Studies in international relations</subfield>
  </datafield>
  <datafield tag="500" ind1=" " ind2=" ">
    <subfield code="a">Distributer: Baccah.</subfield>
  </datafield>
  <datafield tag="504" ind1=" " ind2=" ">
    <subfield code="a">Includes bibliographical references (p. [241]-256) and index.</subfield>
  </datafield>
  <datafield tag="505" ind1="0" ind2=" ">
    <subfield code="a">Anarchy, community and critical international theory. The critique of neo-realism. The problem of community in international relations. The changing context of the modern state. Theorising the reconfiguration of political community -- Universality, difference and the emancipatory project. Difference, self-determination and exclusion. The state, citizenship and humanity. Universalism, domination and otherness -- The dialogic ethic and the transformation of political community. Limits on exclusion : membership, citizenship and global responsibilities. The dialogic community. Dialogue and discourse. Universalism revisited -- The modes of exclusion and the  boundaries of community. The critical sociology of inclusion and exclusion. Social learning and international relations. Inclusion and exclusion in world civilisations. Towards a sociology of bounded communities -- State power, modernity and its potentials. Origins of the paradoxes of the modern state. On the ambiguities of state power. On the possibility of new state structures. The post-exclusionary state : answerability to universal rationales -- Community and citizenship in the Post-Westphalian era. Citizenship and its development. The problem of the exclusionary sovereign state. Beyond the Westphalian state. Citizenship in the Post-Westphalian state cosmopolitan citizenship.</subfield>
  </datafield>
  <datafield tag="511" ind1=" " ind2=" ">
    <subfield code="a">Catalogued By: Mahitab.</subfield>
  </datafield>
  <datafield tag="650" ind1=" " ind2="0">
    <subfield code="a">Citizenship.</subfield>
  </datafield>
  <datafield tag="650" ind1=" " ind2="0">
    <subfield code="a">Communities</subfield>
    <subfield code="x">Political aspects.</subfield>
  </datafield>
  <datafield tag="650" ind1=" " ind2="0">
    <subfield code="a">International relations</subfield>
    <subfield code="x">Social aspects.</subfield>
  </datafield>
  <datafield tag="830" ind1=" " ind2="0">
    <subfield code="a">Studies in international relations (Columbia, S.C.)</subfield>
  </datafield>
  <datafield tag="942" ind1=" " ind2=" ">
    <subfield code="c">BB</subfield>
    <subfield code="k">306.2LIN</subfield>
  </datafield>
  <datafield tag="999" ind1=" " ind2=" ">
    <subfield code="c">8555</subfield>
    <subfield code="d">8555</subfield>
  </datafield>
  <datafield tag="952" ind1=" " ind2=" ">
    <subfield code="0">0</subfield>
    <subfield code="1">0</subfield>
    <subfield code="4">0</subfield>
    <subfield code="7">0</subfield>
    <subfield code="a">MAIN</subfield>
    <subfield code="b">MAIN</subfield>
    <subfield code="c">1ST</subfield>
    <subfield code="d">2012-03-08</subfield>
    <subfield code="e">Purchase</subfield>
    <subfield code="l">3</subfield>
    <subfield code="m">2</subfield>
    <subfield code="o">306.2LIN</subfield>
    <subfield code="p">000010371</subfield>
    <subfield code="r">2025-07-15 00:00:00</subfield>
    <subfield code="s">2013-11-21</subfield>
    <subfield code="y">BB</subfield>
  </datafield>
</record>
